| 000 | 00385nam a2200157Ia 4500 | ||
|---|---|---|---|
| 008 | 230524s9999 xx 000 0 und d | ||
| 082 |
_a621.381952 _bSAX |
||
| 100 |
_aSwati Saxena _941951 |
||
| 245 | 0 | _aComputer Organisation | |
| 250 | _a1 | ||
| 260 |
_aNew Delhi _bDhanpati Rai _c2012 |
||
| 300 | _a"XIX,552p;" | ||
| 500 | _aQuantity Number: 1 | ||
| 650 | _aComp-Sc | ||
| 942 | _cBK | ||
| 999 |
_c56368 _d56368 |
||